2026 USA World Baseball Classic Roster - Statistics

General Stats
  • This quiz has been taken 151 times
  • The average score is 21 of 31
Answer Stats
Player Number Position MLB Team % Correct
Aaron Judge 99 OF Yankees
98%
Bobby Witt Jr. 7 INF Royals
93%
Kyle Schwarber 12 DH Phillies
93%
Paul Skenes 30 P Pirates
93%
Will Smith 16 C Dodgers
92%
Pete Crow-Armstrong 4 OF Cubs
91%
Bryce Harper 24 INF Phillies
90%
Cal Raleigh 29 C Mariners
90%
Tarik Skubal 27 P Tigers
89%
Byron Buxton 25 OF Twins
87%
Clayton Kershaw 22 P Dodgers/Retired
87%
Gunnar Henderson 11 INF Orioles
87%
Roman Anthony 3 OF Red Sox
83%
Brice Turang 13 INF Brewers
73%
Mark DeRosa 9 Manager
69%
Logan Webb 62 P Giants
68%
Alex Bregman 2 INF Cubs
67%
Ernie Clement 5 INF Blue Jays
66%
Paul Goldschmidt 43 INF Yankees
66%
Mason Miller 19 P Padres
63%
Nolan McLean 26 P Mets
61%
David Bednar 53 P Yankees
56%
Matthew Boyd 31 P Cubs
48%
Clay Holmes 35 P Mets
46%
Garrett Whitlock 59 P Red Sox
37%
Griffin Jax 48 P Rays
34%
Michael Wacha 52 P Royals
30%
Brad Keller 40 P Phillies
27%
Gabe Speier 55 P Mariners
25%
Garrett Cleavinger 60 P Rays
24%
Ryan Yarbrough 44 P Yankees
23%
No matching quizzes found
Score Distribution
Percent of People with Each Score
Percentile by Number Answered
Your Score History
You have not taken this quiz